Forencis accounting and fraud examination / (Record no. 35698)

MARC details
000 -LEADER
fixed length control field 03534nam a22004217a 4500
005 - DATE AND TIME OF LATEST TRANSACTION
control field 20101012152840.0
010 ## - LCCN (DPL NO)
LC control number B-417585-598
020 ## - INTERNATIONAL STANDARD BOOK NUMBER
International Standard Book Number 9788131510544
Terms of availability 499.00
020 ## - INTERNATIONAL STANDARD BOOK NUMBER
International Standard Book Number 8131510549
Terms of availability 499.00
035 ## - SYSTEM CONTROL NUMBER
System control number B-417585-598
037 ## - SOURCE OF ACQUISITION
Source of stock number/acquisition Asian Book Centre
082 ## - DEWEY DECIMAL CLASSIFICATION NUMBER
Classification number 363.25963
100 ## - MAIN ENTRY--PERSONAL NAME
Personal name Albrecht, W. Steve
245 ## - TITLE STATEMENT
Title Forencis accounting and fraud examination /
Statement of responsibility, etc by W. Steve Albrecht ... [et.al]
260 ## - PUBLICATION, DISTRIBUTION, ETC. (IMPRINT)
Place of publication, distribution, etc New Delhi
Name of publisher, distributor, etc Cengage Learning
Date of publication, distribution, etc 2006
270 ## - ADDRESS
Address 418 F.I. E. Patparganj
City New Delhi
Postal code 110092
300 ## - PHYSICAL DESCRIPTION
Extent 695p.:
Dimensions 26 cm. (Pbk)
500 ## - GENERAL NOTE
General note includes index
700 ## - ADDED ENTRY--PERSONAL NAME
Personal name Albrecht, Conan C.
9 (RLIN) 23402
700 ## - ADDED ENTRY--PERSONAL NAME
Personal name Albrecht, Chad O.
9 (RLIN) 23403
700 ## - ADDED ENTRY--PERSONAL NAME
Personal name Zimbelman, Mark
9 (RLIN) 23404
942 ## - ADDED ENTRY ELEMENTS (KOHA)
Source of classification or shelving scheme Dewey Decimal Classification
Item type English Books
Call number suffix ALB
Classification part 363.25963
Holdings
Withdrawn status Lost status Not for loan Collection code Home library Current library Date acquired Source of acquisition Cost, normal purchase price Full call number Barcode Copy number Cost, replacement price Koha item type
      Non-fiction Central Library Central Library 12/10/2010 Asian Book Centre/2697/20.7.10/23/1.7.10/27.7.10 499.00 363.25963 ALB B-417585 1 499.00 English Books
      Non-fiction Janak Puri Janak Puri 12/10/2010 Asian Book Centre/2697/20.7.10/23/1.7.10/27.7.10 499.00 363.25963 ALB B-417592 1 499.00 English Books
      Non-fiction Karol Bagh Karol Bagh 12/10/2010 Asian Book Centre/2697/20.7.10/23/1.7.10/27.7.10 499.00 363.25963 ALB B-417595 1 499.00 English Books
      Non-fiction Mobile Library Mobile Library 12/10/2010 Asian Book Centre/2697/20.7.10/23/1.7.10/27.7.10 499.00 363.25963 ALB B-417586 4 499.00 English Books
      Non-fiction Mobile Library Mobile Library 12/10/2010 Asian Book Centre/2697/20.7.10/23/1.7.10/27.7.10 499.00 363.25963 ALB B-417587 4 499.00 English Books
      Non-fiction Mobile Library Mobile Library 12/10/2010 Asian Book Centre/2697/20.7.10/23/1.7.10/27.7.10 499.00 363.25963 ALB B-417588 4 499.00 English Books
      Non-fiction Mobile Library Mobile Library 12/10/2010 Asian Book Centre/2697/20.7.10/23/1.7.10/27.7.10 499.00 363.25963 ALB B-417589 4 499.00 English Books
  Written-off vide DLB M. No. 383 dt 16.05.19   Non-fiction Mundaka Mundaka 12/10/2010 Asian Book Centre/2697/20.7.10/23/1.7.10/27.7.10 499.00 363.25963 ALB B-417597 1 499.00 English Books
      Non-fiction Narela Narela 12/10/2010 Asian Book Centre/2697/20.7.10/23/1.7.10/27.7.10 499.00 363.25963 ALB B-417596 1 499.00 English Books
      Non-fiction New Police Line New Police Line 12/10/2010 Asian Book Centre/2697/20.7.10/23/1.7.10/27.7.10 499.00 363.25963 ALB B-417590 1 499.00 English Books
      Non-fiction Patel Nagar Patel Nagar 12/10/2010 Asian Book Centre/2697/20.7.10/23/1.7.10/27.7.10 499.00 363.25963 ALB B-417591 1 499.00 English Books
      Non-fiction R.K.Puram-8 R.K.Puram-8 12/10/2010 Asian Book Centre/2697/20.7.10/23/1.7.10/27.7.10 499.00 363.25963 ALB B-417594 1 499.00 English Books
      Non-fiction Sarojini Nagar Sarojini Nagar 12/10/2010 Asian Book Centre/2697/20.7.10/23/1.7.10/27.7.10 499.00 363.25963 ALB B-417593 1 499.00 English Books
      Non-fiction Shahdara Branch Shahdara Branch 12/10/2010 Asian Book Centre/2697/20.7.10/23/1.7.10/27.7.10 499.00 363.25963 ALB B-417598 1 499.00 English Books

© Delhi Public Library
Hit Counter
free hit counter